[Event "Regionalliga SO 9899"]
[Site "Bayern"]
[Date "1999.??.??"]
[Round "5.4"]
[White "Peter, Christian"]
[Black "Voelkl, Stefan"]
[Result "1-0"]
[WhiteElo "2055"]
[BlackElo "2010"]
[PlyCount "57"]
[EventDate "1998.??.??"]
[EventType "team-tourn"]
[EventRounds "9"]
[EventCountry "GER"]
[SourceTitle "EXT 2020"]
[Source "ChessBase"]
[SourceDate "2019.10.17"]
[SourceVersion "1"]
[SourceVersionDate "2019.10.17"]
[SourceQuality "1"]
[WhiteTeam "Ebersberg Grafing"]
[BlackTeam "Freising SK"]
[WhiteTeamCountry "GER"]
[BlackTeamCountry "GER"]

1. d4 d5 2. Nf3 Bg4 3. Ne5 Bh5 4. g4 Bg6 5. h4 h6 6. Nxg6 fxg6 7. Bf4 e6 8. Qd3 Qf6 9. Qb5+ Nd7 10. e3 0-0-0 11. Qa5 e5 12. dxe5 Nxe5 13. Qxa7 Nc6 14. Qa8+ Nb8 15. g5 hxg5 16. Bh3+ Rd7 17. Bxg5 Qf3 18. Rh2 Nf6 19. Nd2 Qh5 20. Bxf6 gxf6 21. Bxd7+ Kxd7 22. Qxb7 Bd6 23. Rh1 Nc6 24. Qb5 Qe5 25. c4 Rb8 26. Qxd5 Qxb2 27. Rb1 Qxb1+ 28. Nxb1 Rxb1+ 29. Ke2 1-0

[Event "Regionalliga SO 9495"]
[Site "Bayern"]
[Date "1995.??.??"]
[Round "?.5"]
[White "Zikeli, Hansgeorg"]
[Black "Voelkl, Stefan"]
[Result "1-0"]
[WhiteElo "2195"]
[BlackElo "1990"]
[PlyCount "97"]
[EventDate "1994.10.??"]
[EventType "team-tourn"]
[EventRounds "9"]
[EventCountry "GER"]
[SourceTitle "EXT 1999"]
[Source "ChessBase"]
[SourceDate "1998.11.16"]
[SourceVersion "1"]
[SourceVersionDate "1998.11.16"]
[SourceQuality "1"]
[WhiteTeam "Trostberg TSV"]
[BlackTeam "Freising SK"]
[WhiteTeamCountry "GER"]
[BlackTeamCountry "GER"]

1. d4 d5 2. c4 e6 3. Nc3 Nf6 4. Nf3 Be7 5. Bg5 0-0 6. e3 b6 7. Rc1 Bb7 8. Bxf6 Bxf6 9. cxd5 exd5 10. b4 Nc6 11. Qb3 Ne7 12. Bd3 a5 13. b5 Qd6 14. 0-0 Rac8 15. a3 Rfd8 16. Rc2 g6 17. Rfc1 Kg7 18. Bf1 g5 19. g3 h5 20. Ne1 Nf5 21. Bd3 Nh6 22. Re2 Re8 23. Bb1 Rh8 24. Ng2 h4 25. gxh4 Ng4 26. f4 gxf4 27. Bf5 f3 28. Bxg4 fxe2 29. h5 Rcg8 30. Nxe2 Kf8 31. Bf3 Bd8 32. Nef4 Rg5 33. h4 Rg3 34. Kf2 Rhg8 35. Qd3 c6 36. bxc6 Bxc6 37. Qf5 Bd7 38. Qxd5 Qxd5 39. Bxd5 Ke7 40. Ng6+ Kd6 41. Bxf7 Rxg2+ 42. Kxg2 Rg7 43. Bb3 Bf5 44. Kf3 Bxg6 45. hxg6 Rxg6 46. h5 Rg7 47. Rh1 Rc7 48. h6 Rc3 49. h7 1-0

[Event "Regionalliga SO 9495"]
[Site "Bayern"]
[Date "1994.??.??"]
[Round "?.5"]
[White "Voelkl, Stefan"]
[Black "Farsakh, Christof"]
[Result "0-1"]
[WhiteElo "1990"]
[BlackElo "2005"]
[PlyCount "82"]
[EventDate "1994.10.??"]
[EventType "team-tourn"]
[EventRounds "9"]
[EventCountry "GER"]
[SourceTitle "EXT 1999"]
[Source "ChessBase"]
[SourceDate "1998.11.16"]
[SourceVersion "1"]
[SourceVersionDate "1998.11.16"]
[SourceQuality "1"]
[WhiteTeam "Freising SK"]
[BlackTeam "Unterpfaff Germering"]
[WhiteTeamCountry "GER"]
[BlackTeamCountry "GER"]

1. c4 Nf6 2. g3 c6 3. Bg2 d5 4. cxd5 cxd5 5. Nf3 Nc6 6. d4 Bf5 7. 0-0 e6 8. Nc3 Be7 9. b3 0-0 10. Bb2 Qa5 11. a3 Ne4 12. b4 Nxc3 13. Bxc3 Qa6 14. Re1 Be4 15. Nd2 Bxg2 16. Kxg2 Bf6 17. Nb3 Ne7 18. Kg1 Qc6 19. Rc1 Nf5 20. Bb2 Qb6 21. Qd2 Nd6 22. Na5 Qb5 23. e3 b6 24. Nb3 a5 25. Bc3 Nc4 26. Qe2 a4 27. Nd2 Nxa3 28. Bb2 Qxe2 29. Rxe2 Nb5 30. Ree1 Be7 31. Rc6 Rfb8 32. Rec1 Bxb4 33. Nf3 a3 34. Ba1 Nd6 35. Ne5 b5 36. Nd3 Bd2 37. R1c2 Nc4 38. Nc5 b4 39. Nb3 Bc3 40. Ra2 Bxa1 41. Rxa1 Na5 0-1